[Event "Prague Menchik Memorial Rapid"]
[Site "Prague"]
[Date "2021.09.28"]
[Round "1"]
[White "Chloupek, Petr"]
[Black "Petras, Milan"]
[Result "1/2-1/2"]
[WhiteElo "1623"]
[BlackElo "1889"]
[PlyCount "88"]
[EventDate "2021.09.28"]
[EventType "swiss (rapid)"]
[EventRounds "9"]
[EventCountry "CZE"]
[SourceTitle "CBM 204 Extra"]
[Source "ChessBase"]
[SourceDate "2021.11.30"]
[SourceVersion "1"]
[SourceVersionDate "2021.11.30"]
[SourceQuality "1"]

1. e4 e6 2. c4 d5 3. cxd5 exd5 4. exd5 Nf6 5. d4 Nxd5 6. Nf3 Bb4+ 7. Bd2 0-0 8. Be2 Re8 9. 0-0 c6 10. Nc3 Bf8 11. Ne5 Bf5 12. Bc4 Be6 13. Qf3 Nd7 14. Rad1 Nxc3 15. Bxe6 Nxe5 16. dxe5 Rxe6 17. Bxc3 Qe8 18. Rd3 Rd8 19. Rfd1 Rxd3 20. Qxd3 h6 21. g3 a6 22. Qd8 b5 23. b4 Kh7 24. Qd4 Qe7 25. a4 c5 26. Qd3+ g6 27. axb5 cxb4 28. Bb2 axb5 29. Qxb5 Bg7 30. f4 h5 31. Rd7 Qe8 32. Qb7 Kg8 33. Rc7 Bf8 34. Rc8 Qa4 35. Qb8 Qd1+ 36. Kg2 Qe2+ 37. Kh3 Qg4+ 38. Kg2 Qe2+ 39. Kh3 Qf1+ 40. Kh4 g5+ 41. Kxg5 Rg6+ 42. Kh4 Rg4+ 43. Kxh5 Rg6 44. Kh4 Re6 1/2-1/2

[Event "Prague Summer op-B 3rd"]
[Site "Prague"]
[Date "2016.08.05"]
[Round "1"]
[White "Chloupek, Petr"]
[Black "Gonsior, Monika"]
[Result "0-1"]
[WhiteElo "1627"]
[BlackElo "1960"]
[PlyCount "76"]
[EventDate "2016.08.05"]
[EventType "swiss"]
[EventRounds "9"]
[EventCountry "CZE"]
[SourceTitle "CBM 173 Extra"]
[Source "ChessBase"]
[SourceDate "2016.08.29"]
[SourceVersion "1"]
[SourceVersionDate "2016.08.29"]
[SourceQuality "1"]

1. e4 e5 2. Nf3 Nc6 3. Bb5 Bc5 4. 0-0 Nd4 5. Nxd4 Bxd4 6. c3 Bb6 7. d4 c6 8. Ba4 d6 9. Na3 Qe7 10. Kh1 Nf6 11. Nc4 Bc7 12. dxe5 dxe5 13. Bc2 h6 14. Ne3 g6 15. a4 Bd7 16. a5 0-0-0 17. Qe2 Nh5 18. Nc4 Nf4 19. Qe3 Kb8 20. b4 Qg5 21. Qg3 Be6 22. Nb2 Qxg3 23. fxg3 Ne2 24. Na4 Bc4 25. Re1 Bb5 26. Bd1 Nxc1 27. Rxc1 Rxd1 28. Rcxd1 Bxa4 29. Rd7 Bb3 30. h3 Kc8 31. Rd3 f5 32. exf5 gxf5 33. Rf3 Be6 34. Ra1 e4 35. Re3 Bc4 36. Rd1 Be5 37. g4 Bf4 38. Ree1 Bg3 0-1

[Event "Prague Golden op 11th"]
[Site "Prague"]
[Date "2015.06.25"]
[Round "6"]
[White "Petras, Milan"]
[Black "Chloupek, Petr"]
[Result "1-0"]
[WhiteElo "1997"]
[BlackElo "1693"]
[PlyCount "31"]
[EventDate "2015.06.21"]
[EventType "swiss"]
[EventRounds "9"]
[EventCountry "CZE"]
[SourceTitle "EXT 2017"]
[Source "ChessBase"]
[SourceDate "2016.10.25"]
[SourceVersion "1"]
[SourceVersionDate "2016.10.25"]
[SourceQuality "1"]

1. e4 e5 2. Nc3 Nf6 3. f4 d5 4. fxe5 Nxe4 5. Nf3 Bg4 6. d3 Nxc3 7. bxc3 Be7 8. d4 0-0 9. Bd3 Bh4+ 10. g3 Be7 11. 0-0 c5 12. Rb1 c4 13. Be2 Nd7 14. Qd2 Bxf3 15. Bxf3 Bg5 16. Qxg5 1-0

[Event "Prague Golden op 11th"]
[Site "Prague"]
[Date "2015.06.22"]
[Round "2"]
[White "Konvalinka, Vladislav"]
[Black "Chloupek, Petr"]
[Result "1/2-1/2"]
[WhiteElo "1769"]
[BlackElo "1693"]
[PlyCount "125"]
[EventDate "2015.06.21"]
[EventType "swiss"]
[EventRounds "9"]
[EventCountry "CZE"]
[SourceTitle "CBM 167 Extra"]
[Source "ChessBase"]
[SourceDate "2015.09.14"]
[SourceVersion "1"]
[SourceVersionDate "2015.09.14"]
[SourceQuality "1"]

1. d4 Nf6 2. c4 g6 3. Nc3 Bg7 4. e4 d6 5. f3 0-0 6. Be3 Nbd7 7. Bd3 c5 8. Nge2 b6 9. Qd2 Bb7 10. Ng3 Ng4 11. Bg1 cxd4 12. Nb5 Nge5 13. Nxd4 Nxd3+ 14. Qxd3 Ne5 15. Qe2 Rc8 16. b3 Nc6 17. Rd1 a6 18. Be3 b5 19. cxb5 Nxd4 20. Bxd4 Qa5+ 21. Kf2 Bxd4+ 22. Rxd4 Qb6 23. Qe3 Rc2+ 24. Ne2 Rfc8 25. Rc4 Qxb5 26. Rxc8+ Bxc8 27. Rc1 Rxc1 28. Qxc1 Qb6+ 29. Qe3 Qc7 30. Qc3 Qb6+ 31. Qd4 Qc7 32. Nc3 Bb7 33. Ke3 Bc6 34. g3 Qa5 35. a4 e5 36. Qd3 Qb6+ 37. Kd2 Bb7 38. Ne2 Qb4+ 39. Qc3 Qb6 40. a5 Qd8 41. Qb4 Qc7 42. Nc3 Bc6 43. Qb6 Qxb6 44. axb6 Kf8 45. Nd5 a5 46. Kc3 Ke8 47. b4 a4 48. b5 Bxd5 49. exd5 Kd8 50. Kb4 a3 51. Kxa3 Kc8 52. g4 f5 53. Kb4 Kb7 54. g5 Kxb6 55. Kc4 Ka5 56. h3 Kb6 57. Kb4 f4 58. Kc4 Ka5 59. Kd3 Kxb5 60. h4 Kc5 61. Ke4 Kc4 62. h5 gxh5 63. g6 1/2-1/2

[Event "Czech Fed-ch opB"]
[Site "Hrdonov"]
[Date "2013.10.31"]
[Round "7"]
[White "Hochman, Jan"]
[Black "Chloupek, Petr"]
[Result "1/2-1/2"]
[WhiteElo "1638"]
[BlackElo "1796"]
[PlyCount "42"]
[EventDate "2013.10.26"]
[EventType "swiss"]
[EventRounds "9"]
[EventCountry "CZE"]
[SourceTitle "EXT 2016"]
[Source "ChessBase"]
[SourceDate "2015.10.08"]
[SourceVersion "1"]
[SourceVersionDate "2015.10.08"]
[SourceQuality "1"]

1. e4 c5 2. Nc3 Nc6 3. f4 e6 4. Nf3 Nf6 5. d3 d5 6. e5 Nd7 7. g3 Be7 8. Bg2 0-0 9. 0-0 f6 10. Bh3 Kh8 11. Bxe6 d4 12. exf6 Rxf6 13. Bxd7 Qxd7 14. Ne4 Rf8 15. Qe2 Qd5 16. Bd2 Bg4 17. a3 Rae8 18. Rae1 Qh5 19. Rf2 c4 20. Qf1 Bh3 21. Qe2 Bg4 1/2-1/2